Kohlberg's Social-Order-Maintaining Moral Orientation Quiz Stats

 Plays Quiz not verified by Sporcle

Also try: Shoe Brand Logos
Challenge
Share
Tweet
Embed
Score 0/8 Timer 10:00
0 Plays Today
Question Answer % Correct
True or False: People at this stage believe laws should be obeyed. True
81.8%
True or False: People at this stage believe that it is everyones personal duty to uphold laws.True
81.8%
True or False: People at this stage can only see one part in a dilemma?False
72.7%
Moral choices do or do not depend on close ties to others?Do not
63.6%
What stage number is Social-Order-Maintaining Orientation?Stage 4
36.4%
What level is Social-Order-Maintaining Orientation found under?The Conventional Level
9.1%
What question is typically asked in the minds of someone at this stage?What if everybody did it?
0%
Which of Piaget's cognitive stages does this fall under?Formal Opperational
0%

You're not logged in!

Compare scores with friends on all Sporcle quizzes.
OR
Log In

You Might Also Like...

Show Comments

Extras

Created Mar 27, 2011ReportNominate
Tags:moral, orientation

Top Quizzes Today


Score Distribution

Your Account Isn't Verified!

In order to create a playlist on Sporcle, you need to verify the email address you used during registration. Go to your Sporcle Settings to finish the process.

Report this User

Report this user for behavior that violates our Community Guidelines.

Details: